000 00842nas a2200241 454500
001 36130
005 20260407193509.0
008 260407s1987####ag###########|||spa#d
003 AR-UNSa-BCEJYS
040 _aAR-UNSa-BCEJYS
_bspa
_cAR-UNSa-BCEJYS
080 _a339.5
_xComercio exterior. Comercio Internacional
245 1 0 _aMonografía sobre canales comerciales
264 1 _aGinebra :
_bCentro de Comercio Internacional
_c1987
310 _aFrecuencia: Irregular
041 _aspa
942 _cSER
590 _aniveau_biblio:s niveau_hierar:1
100 1 _aCentro de Comercio Internacional (CCI)
650 _aComercio internacional
650 _aRelaciones económicas internacionales
650 _aECONOMIA INTERNACIONAL
856 4 1 _uhttps://biblioeco.unsa.edu.ar/pmb/images/revistas/monogCanalCom.jpg
_yImagen de portada
_qimage/jpeg
999 _c8777
_d8777